[Event "Fouesnant op 14th"]
[Site "Fouesnant"]
[Date "2008.10.27"]
[Round "4"]
[White "Maisonneuve, Lionel"]
[Black "Caramaro, Jean"]
[Result "1-0"]
[WhiteElo "1654"]
[BlackElo "1010"]
[PlyCount "53"]
[EventDate "2008.10.25"]
[EventType "swiss"]
[EventRounds "9"]
[EventCountry "FRA"]
[SourceTitle "EXT 2009"]
[Source "ChessBase"]
[SourceDate "2008.11.26"]
[SourceVersion "1"]
[SourceVersionDate "2008.11.26"]
[SourceQuality "1"]

1. Nf3 Nc6 2. d4 Nf6 3. c4 d5 4. Nc3 e5 5. dxe5 Ne4 6. cxd5 Nxc3 7. bxc3 Ne7 8. c4 Ng6 9. e3 Bb4+ 10. Bd2 Bxd2+ 11. Qxd2 c5 12. Be2 0-0 13. 0-0 b6 14. Rfd1 Bf5 15. Bd3 Bxd3 16. Qxd3 Re8 17. Qc3 a6 18. a4 a5 19. h3 f6 20. e6 Ne5 21. Nxe5 fxe5 22. Qxe5 Rf8 23. e7 Qd7 24. exf8Q+ Rxf8 25. Qe6+ Qf7 26. Qxf7+ Rxf7 27. d6 1-0